000 01474cam a2200361 a 4500
999 _c8622
_d8622
001 615219
003 GBCCL
005 20241126110654.0
008 920512m19929999mnu b 001 0 eng
010 _a 92019348
020 _a0800626818 (v. 1 : alk. paper) :
_c$12.95
020 _a0800626826 (v. 2 : pbk.)
020 _a0800630890 (v. 2 : hardcover)
020 _a0800636155 (v. 3 : hard)
040 _aDLC
_cDLC
_dDLC
043 _aaw-----
_ae------
_aff-----
050 0 0 _aBS2398
_b.W75 1992
082 0 0 _a225.6
_220
_bWRI
100 1 _aWright, N. T.
_q(Nicholas Thomas)
_92760
245 1 0 _aChristian origins and the question of God /
_cN.T. Wright.
250 _a1st North American ed.
260 _aMinneapolis :
_bFortress Press,
_c1992-<2003>
300 _av. <1-3> ;
_c22-24 cm.
504 _aIncludes bibliographical references and indexes.
505 1 _av. 1. The New Testament and the people of God -- v. 2. Jesus and the victory of God -- v. 3. The Resurrection of the Son of God.
630 0 0 _aBible.
_pNew Testament
_xTheology.
_92335
650 0 _aGod
_xBiblical teaching.
_92337
650 0 _aGod (Christianity)
_xHistory of doctrines
_yEarly church, ca. 30-600.
_92764
650 0 _aChristianity
_xOrigin.
_9112
906 _a7
_bcbc
_corignew
_d1
_eocip
_f19
_gy-gencatlg
942 _2ddc
_cBK
_03